000 00483nam a2200169Ia 4500
005 20250508151112.0
008 008 250505s9999 xx 000 0 eng d
037 _aTextual
040 _aFEDL
_beng
_cFEDL
041 _aeng
_2eng
084 _a770, KOD
_qFEDL
245 0 _aHow to make gook pictures: The book for everyone with a camera
260 _aBombay, India
_bKodak Limited
_c1951
300 _a255p.
942 _cTEXL
_h770, KOD
999 _c1327583
_d1327583